00976nam a2200229 i 4500001000300000245012200003260010300125300003300228504002600261650003700287650005400324650004800378650004900426700003100475015001700506020001500523040000800538041000800546080005300554008004100607856009800648bg00aWpływ funduszy strukturalnych Unii Europejskiej na planowanie rozwoju województw /cred. nauk. Konrad Głębocki. aCzęstochowa :bSekcja Wydawnictwa Wydziału Zarządzania Politechniki Częstochowskiej,c2005. a122, [1] s. :bil. ;c25 cm. aBibliogr. przy rozdz. 9aFundusze strukturalne UEzPolska 9aGospodarka terenowaxpolitykazPolskayod 1989 r. 9aPlanowanie strategicznezPolskayod 1989 r. 9aSamorząd województwazPolskayod 1989 r.1 aGŁĘBOCKI, Konrad.eRed. aPB 3161/2006 a8388469584 cBPK0 apol a332.14:353](438)"1989/...":339.7(4-67)"1989/..." s pl f |000 0 pol  uhttp://koha.tu.koszalin.pl/cgi-bin/koha/opac-detail.pl?biblionumber=51762yKatalog online BPK